| 000 | 00503nam a2200181Ia 4500 | ||
|---|---|---|---|
| 003 | GCL | ||
| 008 | 140319s9999 xx 000 0 ara d | ||
| 040 |
_aGCL / _cGCL |
||
| 082 | 0 | 4 |
_a823.03 _bس م |
| 100 | 1 | _aسعدى يوسف | |
| 245 | 1 | 0 |
_aالمفسرون / _cسعدى يوسف |
| 700 | 1 | _aسوينكا وول | |
| 490 | _a | ||
| 650 | 0 | 4 | _aالقصص الانجليزية المترجمة |
| 650 | 0 | 4 | _aالادب الانجليزى |
| 650 | 0 | 4 | _aالادب النيجيرى |
| 942 |
_2ddc _cBK |
||
| 999 |
_c40078 _d40078 |
||